Crop ecology : (Record no. 13736)
[ view plain ]
| 000 -LEADER | |
|---|---|
| fixed length control field | 01749cam a2200241 a 4500 |
| 020 ## - INTERNATIONAL STANDARD BOOK NUMBER | |
| ISBN | 9780521761277 |
| 020 ## - INTERNATIONAL STANDARD BOOK NUMBER | |
| ISBN | 9780521744034 (pbk.) |
| 082 00 - DEWEY DECIMAL CLASSIFICATION NUMBER | |
| Classification number | 630.277 |
| Item number | CON/CR |
| 100 1# - MAIN ENTRY--AUTHOR NAME | |
| Personal name | Connor, D. J. |
| 245 10 - TITLE STATEMENT | |
| Title | Crop ecology : |
| 250 ## - EDITION STATEMENT | |
| Edition statement | 2nd ed. |
| 260 ## - PUBLICATION, DISTRIBUTION, ETC. (IMPRINT) | |
| Place of publication | Cambridge ; |
| -- | New York : |
| Name of publisher | Cambridge University Press, |
| Year of publication | 2011. |
| 300 ## - PHYSICAL DESCRIPTION | |
| Number of Pages | xii, 562 p. : |
| Other physical details | ill., maps ; |
| 500 ## - GENERAL NOTE | |
| General note | Rev. ed. of: Crop ecology / R.S. Loomis, D.J. Connor. 1992. |
| 520 ## - SUMMARY, ETC. | |
| Summary, etc | "Food security and environmental conservation are two of the greatest challenges facing the world today. It is predicted that food production must increase by at least 70% before 2050 to support continued population growth, though the size of the world's agricultural area will remain essentially unchanged. This updated and thoroughly revised second edition provides in-depth coverage of the impact of environmental conditions and management on crops, resource requirements for productivity and effects on soil resources. The approach is explanatory and integrative, with a firm basis in environmental physics, soils, physiology and morphology. System concepts are explored in detail throughout the book, giving emphasis to quantitative approaches, management strategies and tactics employed by farmers, and associated environmental issues. Drawing on key examples and highlighting the role of science, technology and economic conditions in determining management strategies, this book is suitable for agriculturalists, ecologists and environmental scientists"-- |
| 650 #0 - SUBJECT ADDED ENTRY--TOPICAL TERM | |
| Topical Term | Agricultural ecology. |
| 650 #0 - SUBJECT ADDED ENTRY--TOPICAL TERM | |
| Topical Term | Agricultural systems. |
| 650 #7 - SUBJECT ADDED ENTRY--TOPICAL TERM | |
| Topical Term | NATURE / Natural Resources |
| 700 1# - ADDED ENTRY--PERSONAL NAME | |
| Personal name | Loomis, R. S. |
| 700 1# - ADDED ENTRY--PERSONAL NAME | |
| Personal name | Cassman, Kenneth G. |
| 700 1# - ADDED ENTRY--PERSONAL NAME | |
| Personal name | Loomis, R. S. |
| 942 ## - ADDED ENTRY ELEMENTS (KOHA) | |
| Koha item type | Books |
| Withdrawn status | Lost status | Damaged status | Collection code | Home library | Current library | Shelving location | Date acquired | Source of acquisition | Cost, normal purchase price | Full call number | Accession Number | Koha item type |
|---|---|---|---|---|---|---|---|---|---|---|---|---|
| KAUAET | KAUAET | General Stacks | 31/03/2012 | Universal Research Books, Trichur | 3373.50 | 630.277 CON/CR | 23346 | Books |
